| 000 | 01205nam a2200313 i 4500 | ||
|---|---|---|---|
| 001 | bg | ||
| 100 | 1 | _aSAWICKA-SIARKIEWICZ, Halina | |
| 245 | 1 | 0 |
_aOgraniczanie zanieczyszczeń w spływach powierzchniowych z dróg : _bocena technologii i zasady wyboru / _cHalina Sawicka-Siarkiewicz ; Instytut Ochrony Środowiska. |
| 250 | _aWyd.2 uzup. i popr. | ||
| 260 |
_aWarszawa : _bDział Wydawnictw IOŚ, _c2004. |
||
| 300 |
_a209 s. : _bfot. kolor., rys., tab., wykr. ; _c24 cm. |
||
| 500 | _aStreszcz. ang. | ||
| 504 | _aBibliogr. s. 166-171, wykaz przepisów prawnych s. 171-173. | ||
| 650 | 9 |
_aDrogi _xodwadnianie |
|
| 650 | 9 |
_aGleba _xochrona |
|
| 650 | 9 |
_aOpady _xwpływ na środowisko |
|
| 650 | 9 |
_aŚcieki _xwpływ na środowisko |
|
| 650 | 9 |
_aWody podziemne _xochrona |
|
| 650 | 9 |
_aWody śródlądowe _xochrona |
|
| 015 | _aPB 8719/2004 | ||
| 020 | _a8385805850 | ||
| 040 | _cBPK | ||
| 041 | 0 |
_apol _beng |
|
| 080 | _a504.4/.5.05:551.57:556.3/.5:628.39:625.7/.8:626.8 | ||
| 920 | _a83-85805-85-0 | ||
| 942 | _cKS | ||
| 008 | s pl f |000 0 pol | ||
| 999 |
_c51640 _d51640 |
||
| 856 |
_uhttp://koha.tu.koszalin.pl/cgi-bin/koha/opac-detail.pl?biblionumber=51640 _yKatalog online BPK |
||